U.S History on the Map - Statistics

General Stats
  • This quiz has been taken 660 times
  • The average score is 8 of 15
Answers on the Map
Answers color-coded by a green-red scale on the quiz's map according to % correct below.
 
Answer Stats
Answer % Correct
Attack on Pearl Harbor
93%
Assassination of JFK
90%
Earthquake of 1906
71%
Eruption of Mount St. Helens
69%
Death of Martin Luther King Jr.
63%
First Airplane flight
62%
Battle of Yorktown
57%
First National Park Declared
55%
End of the Trail of Tears
51%
Center of the Dust Bowl
48%
General Custer's Last Stand
42%
Great Molasses Flood
39%
Birth of Harry Truman
37%
Mormonism Founded
37%
Completion of the Trans-Continental Railroad
35%
No matching quizzes found
Score Distribution
Percent of People with Each Score
Percentile by Number Answered
Your Score History
You have not taken this quiz